000 01552nam a2200337 c 4500
003 BLK
005 20240618112411.0
008 180413b bul|||||r ||||||| ||bul||
010 _aKNG00025306000
020 _a954-638-054-7
_bиздат.: Софи-Р
040 _aBLK
041 _aBUL
_cBUL
080 _aГражданско съдопроизводство. Граждански процес. - Видове гражданско съдопроизводство:арбитражна, опростени процедури за по-дребни случаи, формалности при съдебна процедура, разследване, доказване
_b347.91/.95
_x(497.2)
_z347.91/.95(497.2)
100 1 _aКорнезов, Любен Андонов
_eпърви автор
_9365350
139 _aКорнезов, Любен Андонов
_bК 85
245 1 0 _aВъззивно производство
_cЛюбен Андонов Корнезов.
257 _aBGR
260 София
_bСофи-Р
_c1998
_fСофия : Балкан прес
300 _a120 с.
_c20 см
380 _a3
650 7 _aСъдопроизводство - България
_2
_9172948
650 4 _aСъдебни решения
_9253928
653 _aсъдопроизводство
653 _aграждански процес
852 _aЦб 198961
856 4 _qpdf
_u
856 4 _qpdf
_u
942 _cKNG
_n0
944 _aCR
_c15.01.2003
_k30560
_lГеновева Генчева
944 _aED
_c11.03.2005
_k
999 _c22857
_d22857